00303nam a22001097a 4500020001900000040001500019082002000034100002000054245007500074260003100149300001300180 a978-1138628922 cMSOHAIL333 a333.910098bBOE aRutgerd Boelens aWater, Power and Identity: The Cultural Politics of Water in the Andes aLondonbRoutledge; cc2015 a365;p;xv